La insurreccion de tupac amaru /
Guardado en:
| Autor Principal: | |
|---|---|
| Formato: | Libro |
| Publicado: |
Buenos Aires :
Eudeba,
1967
|
| Edición: | 2a. ed. |
| Series: | Biblioteca De America ; Libros
|
| Materias: | |
| Etiquetas: |
Agregar Etiqueta
Sin Etiquetas, Sea el primero en etiquetar este registro!
|
| LEADER | 00575nam a22002055a 4500 | ||
|---|---|---|---|
| 001 | EHU.bham024205 | ||
| 003 | AR-BHAM | ||
| 005 | 20130507140205.0 | ||
| 008 | 130507s1967##################000#0#####d | ||
| 082 | 9 | 8 | |a 985.03 |
| 100 | 1 | |a Lewin, Boleslao | |
| 245 | 1 | 0 | |a La insurreccion de tupac amaru / |c Boleslao Lewin |
| 250 | |a 2a. ed. | ||
| 260 | |a Buenos Aires : |b Eudeba, |c 1967 | ||
| 300 | |a 111 p. | ||
| 490 | 0 | |a Biblioteca De America ; Libros | |
| 653 | |a Peru | ||
| 653 | |a Indigenas | ||
| 653 | |a Indigenas-peru | ||
| 859 | |a AR-BHAM |b BIB. HUMANIDADES - General |h 985.03 |i L584-1 |p 714.01 |t Ej.1 | ||
